Corzo (2º Trimestre. 2º Ciclo Inicial).
Gespeichert in:
| 1. Verfasser: | |
|---|---|
| Format: | keine Angabe |
| Sprache: | Spanisch |
| Erschienen: |
Madrid
Anaya, S.A.
1987
|
| Katalog: | MANES: Suchergebnis im Bibliothekskatalog |
| Schulbuchspezifische Eigenschaften: |
|
| Tags: |
Tag hinzufügen
Keine Tags, Fügen Sie den ersten Tag hinzu!
|
| Hinzugefügt zu: | 26.04.2016 |
| Geändert in: | 07.05.2025 |
MARC
| LEADER | 000000000a22000000004500 | ||
|---|---|---|---|
| 001 | 06847 | ||
| 003 | OSt | ||
| 005 | 20250507133307.0 | ||
| 008 | 160427s sp ||||| |||| 00| 0 spa d | ||
| 040 | |c centro_manes | ||
| 041 | 1 | |a spa | |
| 561 | |5 es-CICE |a España. Centro Internacional de la Cultura Escolar |k MANES | ||
| 691 | 0 | |a PRI | |
| 100 | 1 | |a Equipo Azor. Autor |9 2985 | |
| 245 | 0 | 0 | |a Corzo (2º Trimestre. 2º Ciclo Inicial). |
| 260 | 3 | |a Madrid |b Anaya, S.A. |c 1987 | |
| 300 | |a 221 p. |c 28 x 21 cm | ||
| 690 | 0 | |a LEN |a EyL | |
| 942 | |2 ddc |c BK | ||
| 546 | |a España | ||
| 999 | |c 12821 |d 12821 | ||
| 999 | |c manes:12821 |d 12821 | ||